Threats and promises : the pursuit of international influence /

Bibliographic Details
Main Author: Davis, James W., 1963-
Format: Book
Language:English
Published: Baltimore : Johns Hopkins University Press, 2000.
Subjects:

MARC

Tag First Indicator Second Indicator Subfields
LEADER 00000pam a2200000 a 4500
001 in00001570310
005 20151022090851.0
008 000119s2000 mdub b 001 0 eng
010 |a  00024993  
020 |a 0801862965 (alk. paper) 
035 |a (OCoLC)ocm43370383 
040 |a DLC  |c DLC  |d TXA  |d UtOrBLW 
049 |a TXAM 
050 0 0 |a JZ1253  |b .D38 2000 
082 0 0 |a 327.1/01  |2 21 
100 1 |a Davis, James W.,  |d 1963- 
245 1 0 |a Threats and promises :  |b the pursuit of international influence /  |c James W. Davis, Jr. 
264 1 |a Baltimore :  |b Johns Hopkins University Press,  |c 2000. 
300 |a x, 222 pages :  |b maps ;  |c 24 cm. 
336 |a text  |b txt  |2 rdacontent 
337 |a unmediated  |b n  |2 rdamedia 
338 |a volume  |b nc  |2 rdacarrier 
504 |a Includes bibliographical references (pages [161]-213) and index. 
650 0 |a International relations  |x Psychological aspects. 
650 0 |a Threat (Psychology) 
650 0 |a Promises. 
948 |a cataloged  |b h  |c 2000/11/27  |d c  |e mphillip  |f 2:38:56 pm 
994 |a E0  |b TXA 
999 |a MARS 
999 f f |s 5eb7ffd7-47c5-3b9a-8336-f939cbfbff70  |i 4fedafdf-4cc1-32e2-991a-029d7a73ccc2  |t 0 
952 f f |p ric  |a Texas A&M University  |b Rellis Campus  |c Joint Library Facility  |d Remote Storage  |t 0  |e JZ1253 .D38 2000  |h Library of Congress classification  |i unmediated -- volume  |m A14827034001 
998 f f |a JZ1253 .D38 2000  |t 0  |l Remote Storage